| 000 | 00530 a2200169 4500 | ||
|---|---|---|---|
| 999 |
_c7932 _d7932 |
||
| 020 | _a3927510629 | ||
| 050 | _aML350 LAB 2003 | ||
| 100 | _aLabi, Gyimah | ||
| 245 |
_aTheoretical Issues in African Music : _bExploring Resources in Creativity/ _cGyimah Labi |
||
| 264 |
_aBayreuth : _bBreitinger, _c2003. |
||
| 300 |
_axiii, 213 pages : _bill. |
||
| 500 | _aIncludes bibliographical references | ||
| 650 | _aMusic theory -- Ghana. | ||
| 650 | _aMusic -- Ghana. | ||
| 650 | _aEthnomusicology. | ||
| 942 |
_2lcc _cBK _h350 _iLAB _kML |
||